00350pab a2200121 454500008004000000100001700040245009100057260000900148300001600157362001100173650001000184773003400194180718b2006 xxu||||| |||| 00| 0 eng d aDeb, Surajit aDomestic terms of trade in a three-sector framework: analysis for all-India and states c2006 ap.1713-722. a29 Apr aTrade aEconomic and Political Weekly